| 000 | 00595nam a2200193 4500 | ||
|---|---|---|---|
| 001 | 139433 | ||
| 003 | ES-MaACL | ||
| 005 | 20250717063032.0 | ||
| 007 | t| | ||
| 008 | 070214s1978 sp r ||||1| spa d | ||
| 100 | 1 |
_aSastre, Alfonso, _d1926- _9103915 |
|
| 245 | 1 | 3 |
_aEl español al alcance de todos _b: poemas : (1942-1971) / _cAlfonso Sastre. |
| 260 |
_aMadrid : _bSensemayá, _c1978. |
||
| 300 |
_a159 p. : _bil. ; _c20 cm. |
||
| 490 | 1 |
_aCol. de poesía ; _v1 |
|
| 830 | 0 |
_aCol. de poesía ; _v1 _9220226 |
|
| 852 |
_aES-MaACL _jL-6821 _bR.107618 |
||
| 999 |
_c139433 _d139433 |
||